Quizzes
Events
Quiz Creation
Community
Videos
Private Events
Remove Ads
Sign In
Join for FREE
Feedback
Dark Mode
Quiz Categories
Sports
Geography
Music
Movies
Television
Just For Fun
Miscellaneous
History
Literature
Language
Science
Gaming
Entertainment
Religion
Holiday
For Kids
Quiz Lab
Recent
Popular Today
Quiz Kudos Today
Editor Picks
Curator Picks
Quizzes by...
Day
Popularity
Type
Ratings
Length
Year
Community
Subscriptions
Recent Discussions
Orange Saloon
Badges
Playlists
Quests
Create
Leaderboards
Showdown
Live 5
Trivia Bingo
Activity
Puzzle Library
Sporcle Events
Private Events
Virtual Trivia
Globe League
Become a Host
Pub Owners
SporcleCon
Opinionation
Our Games
Videos
Blog
Mobile Apps
Partnerships
Remove Ads and Go Orange
Feedback
Gaming
Video Games
Board Games
Card Games
Pokémon
Mario
Nintendo
Minecraft
Console
Toys
Legend of Zelda
Gaming
Video Games
Board Games
Card Games
Pokémon
Mario
Nintendo
Minecraft
Console
Toys
Legend of Zelda
Random Quiz
Search Sporcle
×
Quiz Lab
Quiz Lab
Gaming
pro
Type in answers that appear in a list
Type in answers that appear in a list
Classic
Best Score? Go Orange.
CSGO PGL Major Krakow Pro Players Stats
Can you name the CSGO PGL Major Krakow Pro Players?
By
NARA15
10m
80 Questions
822 Plays
822 Plays
822 Plays
Comments
Comments
Give Quiz Kudos
Give Quiz Kudos
-
- Ratings
hide this ad
Replay
Link that replays current quiz
Next Quiz
Link to next quiz in quiz playlist
You Got
0%
They Got
Avg Score
77%
Avg Friend Score
Upgrade to see
Score Distribution
Jump to the score distribution portion of the page
Score
0/80
Timer
10:00
0
Plays Today
Hint
Answer
% Correct
Cloud9
Stewie2k
96%
NaVi
s1mple
95.6%
G2
kennyS
94.6%
SK
FalleN
94.5%
SK
coldzera
94.5%
Cloud9
Skadoodle
94%
Cloud9
shroud
93.3%
Gambit
Dosia
93.2%
SK
TACO
93%
SK
fer
92.8%
Gambit
Zeus
92.4%
NaVi
GuardiaN
92.4%
Virtus.pro
pashaBiceps
92.3%
G2
shox
92.1%
Virtus.pro
Snax
91.8%
FaZe
NiKo
91.7%
Astralis
dev1ce
91.6%
Cloud9
autimatic
91.2%
Gambit
HObbit
91%
Fnatic
olofmeister
90.6%
FaZe
rain
90.4%
Virtus.pro
TaZ
90.4%
Cloud9
n0thing
89.9%
FaZe
karrigan
89.8%
Gambit
AdreN
89.3%
Virtus.pro
NEO
89.1%
Fnatic
JW
88.3%
Astralis
dupreeh
88.2%
Virtus.pro
byali
87.7%
SK
felps
87.4%
NaVi
flamie
87.4%
Gambit
mou
87.3%
Fnatic
KRiMZ
86.5%
Fnatic
flusha
86.3%
G2
NBK
86.2%
NaVi
Edward
86.1%
Immortals
HEN1
86%
Astralis
Xyp9x
84.9%
Astralis
gla1ve
84.3%
Astralis
Kjaerbye
83.8%
Hint
Answer
% Correct
Immortals
boltz
83.4%
G2
apEX
83.2%
BIG
tabseN
82.3%
NaVi
seized
82.3%
FaZe
kioShiMa
82.1%
FaZe
allu
81.8%
mousesports
chrisJ
80.7%
BIG
gob b
80.7%
mousesports
ropz
78.3%
Immortals
LUCAS1
78%
G2
bodyy
76.7%
Fnatic
dennis
75.7%
mousesports
oskar
75.7%
Flipsid3
electronic
74.9%
North
MSL
74.4%
North
cajunb
74%
North
Magisk
73.9%
Immortals
kNg
73.8%
Immortals
steel
72.8%
North
aizy
72%
North
k0nfig
69.5%
BIG
nex
67.7%
PENTA
suNny
65%
Flipsid3
markeloff
62.8%
mousesports
denis
62.1%
Flipsid3
B1ad3
61.5%
Flipsid3
WorldEdit
60.7%
BIG
LEGIJA
59.8%
PENTA
kRYSTAL
56.2%
Vega Squadron
mir
54.9%
Vega Squadron
chopper
54.4%
BIG
keev
54.1%
Vega Squadron
jR
52.9%
Flipsid3
wayLander
51.2%
PENTA
HS
48.2%
mousesports
lowel
43.3%
Vega Squadron
hutji
38%
Vega Squadron
Keshandr
38%
PENTA
zehN
37.6%
PENTA
innocent
34.9%
Quiz Playlist
Details
Report
Send in Message
Add To Playlist
Classic:
Type in answers that appear in a list
Last Updated: Jul 3, 2017
Quiz Scoreboard
CHALLENGE
Sign Up to Join the Scoreboard
Show All
Scores
Hide
Comments
May contain spoilers
Recently Published
One Thing in Common: World Cities II
by knightlancer
Geography
7m
Popular People in 1961
by mucciniale
History
6m
1-10 Letter E Words III
by El_Dandy
Language
2m
More to Explore
Quiz From the Vault
Featured Blog Post
Where Did the Easter Bunny Come From?
hide this ad
You Might Also Like...
Tags
csgo
major
Player
pro
Pro Players
Today's Top Quizzes in Gaming
Browse Gaming
hide this ad
Today's Top Quizzes in pro
Browse pro
Top Contributed Quizzes in Gaming
1
Destiny 2 exotic weapons by perk icons
2
Who's on the WWE 2K24 Cover?
3
Windmill: Pokémon
4
Genshin Impact Logic Puzzle
5
Overwatch 2: Ultimate Ability Icons
6
Overwatch 2 Heroes by Selection Quote
7
Genshin murder mystery
8
Legendary or Exotic?
9
Overwatch Logic Puzzle
10
Genshin Impact Logic Puzzle Quiz II
Explore More
Trending Topics
Crossword
Harry Potter
Disney
NBA
Anime
Kpop
Marvel
Country
Pokémon
Puzzle
WWE
Soccer
Song
NFL
The Office
hide this ad
More By:
NARA15
Quiz
Plays
Rating
Category
Featured
Created
CSGO PGL Major Krakow Pro Players
822
5.00
Gaming
Jul 2, 2017
Go to Creator's Profile
Score Distribution
Quiz Creator Spotlight
NARA15
Follow
Send a Message
Quizzes Created
-
Created Quiz Play Count
-
More By This Creator
Popular Quizzes Today
1
Find the US States - No Outlines Minefield
2
The Countries of the World
3
Popular People in 1961
4
Find the Countries of Europe - No Outlines Minefield
5
1-10 Letter E Words III
6
Find the US States
7
One Thing in Common: World Cities II
8
US States
More Gaming Quizzes
10 to 1: The Sims
Quiz Lab
Trending Quizzes
Country Music Stars Doing Things
Get the Picture: Carrie or Dolly
1-10 Letter F Words
1-10 Letter G Words
Risky Map Clicking: Next State Alphabetically
Recently Updated
Leaping Animals
pecheneg
Reality TV Shows (A-Z)
bhenderson79
Rickey Henderson's Hall of Fame Teammates
pecheneg
Champions League XIs: Arsenal
pecheneg
Quick Pick: Celebrities in WWE's Hall of Fame
aduchscher
A-Z Keypad Blitz II
pecheneg
Multiple Oscar Actors
pecheneg
Mystery Phrase Blitz: Oscar 'Best Actors'
pecheneg
F. Scott Fitzgerald Novels
LTH
Pick 3 Villains
ddd62291
Trending Topics
Harry Potter
Crossword
Marvel
Disney
Anime
NBA
Kpop
Soccer
WWE
The Office
Song
Puzzle
Pokémon
NFL
Country
Your Account Isn't Verified!
In order to create a playlist on Sporcle, you need to verify the email address you used during registration. Go to your
Sporcle Settings
to finish the process.
Report this User
Report this user for behavior that violates our
Community Guidelines
.
Details:
Send Report
Go to the Sporcle.com Mobile Site →
Comments